|
|
|
|
| LEADER |
00000nam#a22000001a#4500 |
| 001 |
00016386 |
| 003 |
AR-BaUAD |
| 005 |
20230908141535.0 |
| 008 |
951002s1940####xxu||||##||||||||#||eng|d |
| 040 |
|
|
|a AR-BaUAD
|b spa
|c AR-BaUAD
|
| 041 |
|
|
|a eng
|
| 044 |
|
|
|c us
|2 ISO3166-1
|
| 100 |
1 |
|
|a Pomeroy, Hugh R.
|
| 245 |
1 |
0 |
|a A planning manual for zoning :
|b urban and suburban
|
| 260 |
|
|
|a Chicago :
|b American society of planning officials,
|c 1940
|
| 300 |
|
|
|a v.
|
| 500 |
|
|
|a La biblioteca posee.- Volumen II: Preliminary draft, not for publication.
|
| 653 |
|
|
|a MANUALES
|
| 653 |
|
|
|a PLANIFICACION URBANA
|
| 653 |
|
|
|a PLANIFICACION RURAL
|
| 655 |
|
|
|a TEXTO
|
| 852 |
|
|
|c 110-1
|
| 952 |
|
|
|0 0
|1 0
|4 0
|6 1101
|7 0
|9 28533
|a AR-BaUAD
|b AR-BaUAD
|d 0000-00-00
|e donac. Migone
|g 30000.00
|i 16386
|l 0
|o 110-1
|p 0oydq16386
|r 2023-09-08 14:15:35
|w 2023-09-08
|y BK
|
| 990 |
|
|
|a Ej. No1 : 16386 . 23/6/1982 -- donac. Migone -- (30000 pesos).
|b ADM
|
| 990 |
|
|
|a AQ194
|b TD
|
| 990 |
|
|
|a AAQ00016386
|b CC
|
| 998 |
|
|
|a AAQ
|b Bibun 76
|
| 942 |
|
|
|c BK
|
| 999 |
|
|
|c 12947
|d 12947
|